000 00637na a2200229 4500
001 21742
003 MIRAKIL
005 20181213154744.0
008 170207b tu 000 0
040 _aMilas
_btur
_cTR-AnCHP
041 _atur
082 _a324.1
_bA64a 1997
090 _a324.1 A64a 1997
110 _aArı Grubu
245 _aArı Grubu faaliyet raporu 1997
260 _aİstanbul
_bARI Grubu
_c1998
300 _a64 s.
_c22 sm.
610 _aArı Grup
_xSiyasal ve sosyal ilkeler
610 _aArı Grup
_xFaaliyet raporları, 1997
650 _aSiyasal ideolojiler
_xYan kuruluşlar
_zTürkiye
942 _2ddc
_cBKS
999 _c314
_d314